Bilecik Bilecik Bilecik Bilecik Bilecik

Bilişsel davranışçı terapi : (Record no. 51179)

MARC details
000 -BAŞLIK
Sabit Uzunluktaki Kontrol Alanı 01278nam a22003617a 4500
001 - KONTROL NUMARASI
Control Dosyası 0051355
003 - KONTROL NUMARASI KİMLİĞİ
Kontrol Alanı KOHA_MİRAKIL
005 - EN SON İŞLEM TARİHİ ve ZAMANI
Kontrol Alanı 20260207003802.0
007 - FİZİKSEL TANIM SABİT ALAN - GENEL BİLGİ
Sabit uzunluklu kontrol alanı ta
008 - SABİT UZUNLUKTAKİ VERİ ÖGELERİ - GENEL BİLGİ
Sabit Alan 150629b2014 tu |||gr||||#||||0|tur |
020 ## - ISBN - ULUSLARARASI STANDART KİTAP NUMARASI
Isbn 9786051338279
040 ## - KATALOGLAMA KAYNAĞI
Özgün Kataloglama Kurumu TR-BiSEU
Kataloglama Dili tur
Çeviri Kurumu TR-BiSEU
Açıklama Kuralları rda
041 0# - DİL KODU
Metin ya da ses kaydının dil kodu tur
044 ## - YAYINLAYAN/ÜRETEN KURULUŞUN ÜLKE KODU
ISO country code tu
050 ## - SINIFLAMA ve YER NUMARASI
Sınıflama Numarası RC489
Yer Numarası .B43 2014
100 1# - KİŞİ ADI
Yazar Adı (Kişi adı) Beck, Judith S..
240 10 - TEK BİÇİM BAŞLIK
Tekbiçim Başlık <a href="Cognitive behavior therapy : basics and beyond">Cognitive behavior therapy : basics and beyond</a>
Language of a work Türkçe
245 1# - ESER ADI BİLDİRİMİ
Başlık Bilişsel davranışçı terapi :
Alt Eseradı vb. temelleri ve ötesi =
-- Cognitive behavior therapy :
-- basics and beyond /
Sorumluluk Bildirimi Judith S. Beck ; Judith S. Beck ; çevire Muzaffer Şahin, Itır Tarı Cömert.
250 ## - BASIM BİLDİRİMİ
Basım Bildirimi 2. Basımdan çeviri
264 #1 - ÜRERİM, YAYIN, DAĞITIM ve TELİF BİLDİRİMİ
Yayın yeri Ankara :
Yayınlayan Nobel Yayınları
Yayın tarihi 2014
300 ## - FİZİKSEL TANIMLAMA
Sayfa, Cilt vb. XXI, 391 sayfa ;
Boyutları 23 cm.
336 ## - İÇERİK TÜRÜ
Content type term metin
Content type code txt
Source rdacontent
337 ## - MEDYA TÜRÜ
Media type term aracısız
Media type code n
Source rdamedia
338 ## - TAŞIYICI TÜRÜ
Carrier type term cilt
Carrier type code nc
Source rdacarrier
490 1# - DİZİ BİLDİRİMİ
Dizi Bildirimi Nobel Yayınları ;
Cilt Numarası yayın no: 926 ;
-- psikoloji - psikiyatri no: 046.
490 1# - DİZİ BİLDİRİMİ
Dizi Bildirimi
500 ## - GENEL NOT
Genel Not Kaynakça ve dizin var.
650 #0 - KONU BAŞLIĞI EK GİRİŞ - KONU TERİMİ
Konusal terim veya coğrafi ad Bilişsel terapi.
9 (RLIN) 36950
650 #0 - KONU BAŞLIĞI EK GİRİŞ - KONU TERİMİ
Konusal terim veya coğrafi ad Cognitive therapy.
9 (RLIN) 36947
830 1# - SERİ EK GİRİŞİ - TEKBİÇİM ESER ADI
Tekbiçim Başlık Nobel Yayınları ;
Volume number/sequential designation yayın no: 926 ;
-- psikoloji - psikiyatri no: 046.
9 (RLIN) 30864
830 1# - SERİ EK GİRİŞİ - TEKBİÇİM ESER ADI
Tekbiçim Başlık
9 (RLIN) 1620
942 ## - EK GİRİŞ ÖGELERİ (KOHA)
Source of classification or shelving scheme Library of Congress Classification
Koha item type Book
Holdings
Materyal Türü Kalıcı Konum Mevcut Konum Raf Yeri Sınıflandırma Kaynağı Edinim Bilgisi Ana Konular Alt Konular Yer Numarası Demirbaş Numarası Fatura Tarihi Maliyet, Alış Fiyatı Maliyet, Yenileme Fiyatı Geri Çekilme Durumu Kayıp Durumu Hasarlı Durumu Kredi için değil Kayıt Tarih Toplam Ödünçverme Son Görülme Tarihi Son Kontrol Tarihi Satın Alma Notu
Book Prof. Dr. Azmi Özcan Kütüphanesi Prof. Dr. Azmi Özcan Kütüphanesi Birûni Salonu Library of Congress Classification Satın TIP Dahiliye RC489 .B43 2014 0051355 07/07/2015 21.71 21.71         29/06/2015 1 05/12/2024 05/12/2024 B-984687 - B-984797